|
|
|
|
| LEADER |
00000cam a2200000 7i4500 |
| 001 |
0000017098 |
| 005 |
20080508.0 |
| 008 |
060508 |
| 020 |
|
|
|a 9832567335
|
| 090 |
0 |
0 |
|a 745.509595
|b AIS
|
| 100 |
0 |
|
|a Aishah
|
| 245 |
1 |
0 |
|a Di ambang hari bahagia :
|b jilid tiga
|c Aishah
|
| 260 |
|
|
|a Kuala Lumpur :
|b Pekan Ilmu Publications ,
|c 2005
|
| 440 |
|
|
|a Ceria kreatif bersama Aishah
|
| 650 |
|
0 |
|a Decoration & ornament
|
| 650 |
|
0 |
|a Handicraft
|
| 999 |
|
|
|a 0001013659
|b Book
|c Adult Collection
|e Cawangan Tmn. Ungku Tun Aminah
|
| 999 |
|
|
|a 0001013665
|b Book
|c Adult Collection
|e Cawangan Tmn. Ungku Tun Aminah
|
| 999 |
|
|
|a 0001013666
|b Book
|c Adult Collection
|e Perbadanan Perpustakaan Awam Johor
|
| 999 |
|
|
|a 0001013667
|b Book
|c Adult Collection
|e Perbadanan Perpustakaan Awam Johor
|